Frontiers of the Roman Empire: The Roman Frontier in Georgia

محفوظ في:

المؤلفون الرئيسيون: Karasiewicz-Szczypiorski, Radosław (مؤلف), Mamuladze †, Shota (مؤلف), Breeze, David J. (مؤلف)

التنسيق: كتاب

منشور في: Oxford Archaeopress Publishing Ltd 2024

الوسوم: إضافة وسم

لا توجد وسوم, كن أول من يضع وسما على هذه التسجيلة!

رقم الطلب:

LEADER 00774namaa2200193 4500
001 9781803277530
003 UkOxAP
005 20260405155014.0
020 |a 9781803277547 
776 1 |x 9781803277530 
245 0 0 |a Frontiers of the Roman Empire: The Roman Frontier in Georgia 
100 1 |a Karasiewicz-Szczypiorski, Radosław  |e Author  |l English 
700 1 |a Mamuladze †, Shota  |e Author  |l English 
700 1 |a Breeze, David J.  |e Author  |l English 
856 4 2 |a http://library.arce.org:8087/Archaeopress/Products/9781803277547 
260 |a Oxford  |b Archaeopress Publishing Ltd  |c 2024 
270 |a Archaeopress Publishing Ltd, Summertown Pavillion, 18 -24 Middle Way, Summertown  |b Oxford  |d United Kingdom  |e OX2 7LG  |k 44-1865-311914  |m info@archaeopress.com 
942 |2 lcc  |c EBOOK 
999 |c 62016  |d 62016